01658nam a2200169Ia 4500001001300000003001000013008004100023040002500064041000700089100001900096245008300115250001100198260003300209300001200242500116900254650006501423b6837-48847 IT-MiCISF161014s9999||||xx |||||||||||||| ||und|| aIT-MiCISFcIT-MiCISF ait aNovara Daniele 0aDalla parte dei genitoribStrumenti per vivere bene il proprio ruolo educativo a1a ed. a MilanobFranco Angelic2009 app. 143 a / genitorialità, educazione-bambini, educazione-genitori, educazione-familiare, conflitto / Le malattie dell'educazione si diffondono silenziosamente: insonnia, sovrappeso, enuresi notturna, disturbi emotivi e scolastici di ogni tipo sono in continuo aumento e spesso sembra che l'unica soluzione sia il ricorso al medico o allo psicoterapeuta. I genitori, sempre più disorientati, non riescono a spiegarsi come tutte le cure e le attenzioni dedicate a creare un buon rapporto con i figli, a un certo punto si rivelino inefficaci: urla, conflitti, ansie, senso di colpa e inadeguatezza, mettono in crisi famiglie intere. Come si curano le malattie dell'educazione? La risposta è semplice ma innovativa: con una buona educazione. Spesso i genitori faticano a individuare in cosa consiste il loro compito educativo: questo libro li aiuta a riscoprirlo e a trovare quel giusto equilibrio tra affetto e autonomia, che permette di crescere bambini e ragazzi vitali, responsabili, indipendenti.Un libro che non offre facili soluzioni ma strumenti chiari e sostenibili per impostare una buona relazione educativa e aiutare così i propri figli a diventare grandi. a Genitorialità e problemi educativi / genitorialitàe004